Costs of attending college; (Record no. 22281)
[ view plain ]
| 000 -LEADER | |
|---|---|
| fixed length control field | 01017cam a22002651 4500 |
| 001 - CONTROL NUMBER | |
| control field | e 57000038 |
| 003 - CONTROL NUMBER IDENTIFIER | |
| control field | DLC |
| 005 - DATE AND TIME OF LATEST TRANSACTION | |
| control field | 20260227111236.0 |
| 008 - FIXED-LENGTH DATA ELEMENTS--GENERAL INFORMATION | |
| fixed length control field | 820115s1957 dcua 000 0 eng |
| 010 ## - LIBRARY OF CONGRESS CONTROL NUMBER | |
| LC control number | e 57000038 |
| 035 ## - SYSTEM CONTROL NUMBER | |
| System control number | (OCoLC)16764503 |
| 040 ## - CATALOGING SOURCE | |
| Original cataloging agency | DLC |
| Transcribing agency | OrPS |
| Modifying agency | OCoLC |
| -- | DLC |
| 042 ## - AUTHENTICATION CODE | |
| Authentication code | premarc |
| 043 ## - GEOGRAPHIC AREA CODE | |
| Geographic area code | n-us--- |
| 050 00 - LIBRARY OF CONGRESS CALL NUMBER | |
| Classification number | L111 |
| Item number | .A6 1957, no. 9 |
| 100 1# - MAIN ENTRY--PERSONAL NAME | |
| Personal name | Hollis, Ernest V. |
| Fuller form of name | (Ernest Victor), |
| Dates associated with a name | 1895-1965. |
| 245 10 - TITLE STATEMENT | |
| Title | Costs of attending college; |
| 260 ## - PUBLICATION, DISTRIBUTION, ETC. | |
| Place of publication, distribution, etc. | [Washington] |
| Name of publisher, distributor, etc. | U.S. Dept. of Health, Education, and Welfare, Office of Education |
| Date of publication, distribution, etc. | [1957] |
| 300 ## - PHYSICAL DESCRIPTION | |
| Extent | vii, 91 p. |
| Other physical details | illus., tables, diagrs. |
| Dimensions | 24 cm. |
| 500 ## - GENERAL NOTE | |
| General note | Copy 2 bound with: Bulletin / United States. Office of Education, 1957, no. 10-1957, no. 15, subsequent to publication. |
| 650 #0 - SUBJECT ADDED ENTRY--TOPICAL TERM | |
| Topical term or geographic name entry element | Universities and colleges |
| Geographic subdivision | United States |
| General subdivision | Finance. |
| 650 #0 - SUBJECT ADDED ENTRY--TOPICAL TERM | |
| Topical term or geographic name entry element | Students |
| Geographic subdivision | United States. |
| 740 0# - ADDED ENTRY--UNCONTROLLED RELATED/ANALYTICAL TITLE | |
| Uncontrolled related/analytical title | Student expenditures and sources of income. |
| 830 #0 - SERIES ADDED ENTRY--UNIFORM TITLE | |
| Uniform title | Bulletin (United States. Office of Education) ; |
| Volume/sequential designation | 1957, no. 9. |
No items available.